| 000 | 01103nam a22003137a 4500 | ||
|---|---|---|---|
| 001 | 8279 | ||
| 003 | FISKH | ||
| 005 | 20250908112751.0 | ||
| 008 | 250908b cb ||||| |||| 00| 0 eng d | ||
| 020 | _a9780590455947 | ||
| 040 |
_aFISKH _beng _cFISKH _dFISKH |
||
| 050 | _a VK1140.B87 R66 | ||
| 082 | _a387.155 | ||
| 100 | _aRoop, Peter | ||
| 245 |
_aKeep the lights burning, Abbie / _cby Peter and Connie Roop : pictures by Peter E. Hanson |
||
| 250 | _aFirst Scholastic printing, April 1993 | ||
| 260 |
_aNew York : _bScholastic , _c1995. |
||
| 300 |
_a40 pages : _bcolor illustrations ; _c22 cm. |
||
| 490 | _aOn My Own History | ||
| 505 | _aK | ||
| 520 | _aIn the winter of 1856, a storm delays the lighthouse keeper's return to an island off the coast of Maine, and his daughter Abbie must keep the lights burning by herself. | ||
| 521 | 8 |
_a510
_bLexile estimate |
|
| 521 | 8 |
_aK
_bRaz-Plus |
|
| 650 |
_aLighthouse keepers _vFiction |
||
| 650 |
_aReading Rainbow _vFiction |
||
| 700 |
_aHanson , Peter E. _eIllustrator |
||
| 942 |
_2ddc _cBK _n0 |
||
| 999 |
_c8279 _d8279 |
||